| 000 | 01059pam a2200325 a 4500 | ||
|---|---|---|---|
| 999 |
_c1230 _d1230 |
||
| 001 | 019391059 | ||
| 003 | UkOxU | ||
| 005 | 20230104094113.0 | ||
| 008 | 120116s2012 enkab j 000 f eng|d | ||
| 015 |
_aGBB206151 _2bnb |
||
| 020 | _a9780141341965 | ||
| 020 | _a0141341963 (pbk.) : | ||
| 035 | _a(Uk)016014494 | ||
| 040 |
_aStDuBDS _beng _cStDuBDS _dUk _dUkOxU _dKH8 |
||
| 042 | _aukblcatcopy | ||
| 082 | 0 | 4 |
_a823.92 GRE _223 |
| 100 | 1 |
_aGreen, Roger Lancelyn. _eAUTHOR |
|
| 245 | 1 | 4 |
_aThe tale of Troy / _cRoger Lancelyn Green ; retold from the ancient authors 'The tale of Troy devine', Milton ; illustrations by Pauline Baynes. |
| 250 |
_a[New] ed. / _bintroduced by Michelle Paver. |
||
| 260 |
_aLondon : _bPuffin, _c2012. |
||
| 300 |
_aix, 207 p. : _bill., map ; _c18 cm. |
||
| 490 | 1 | _aPuffin classics | |
| 650 | 0 |
_aTrojan War _vJuvenile fiction. |
|
| 655 | 0 | _aLegends. | |
| 655 | 0 | _aChildren's stories. | |
| 700 | 1 |
_aBaynes, Pauline. _eILLUSTRATOR |
|
| 830 | 0 | _aPuffin classics. | |
| 942 |
_2ddc _cFIC |
||